Methods in microbiology
Αποθηκεύτηκε σε:
| Άλλοι συγγραφείς: | , |
|---|---|
| Μορφή: | Βιβλίο |
| Γλώσσα: | English |
| Δημοσίευση: |
London :
Academic Press,
1990.
|
| Θέματα: | |
| Ετικέτες: |
Προσθήκη ετικέτας
Δεν υπάρχουν, Καταχωρήστε ετικέτα πρώτοι!
|
MARC
| LEADER | 00000cam a2200000 i 4500 | ||
|---|---|---|---|
| 001 | 1/1067 | ||
| 008 | 950706s1990 enk| ||| |||| ||eng|| | ||
| 020 | |a 0125215223 | ||
| 035 | |l 10014304 | ||
| 040 | |a GR-MyUa |b gre |e AACR2 | ||
| 041 | 0 | |a eng | |
| 082 | 7 | |a 576.028 |2 (22) | |
| 245 | 0 | 0 | |a Methods in microbiology / |c edited by R. Grigorova and J.R. Norris. |
| 260 | |a London : |b Academic Press, |c 1990. | ||
| 300 | |a 627 σ. : |b διαγρ., εικ. ; |c 23 εκ. | ||
| 505 | 8 | |a Τ. 22. Techniques in microbial ecology. | |
| 650 | 0 | 0 | |a Microbiology |x Technique. |
| 650 | 0 | 0 | |a Microbiology |x Laboratory manuals. |
| 650 | 0 | 0 | |a Microbiology |x Periodicals. |
| 700 | 1 | |a Grigorova, R. |e edtf | |
| 700 | 1 | |a Norris, J. R. |q (John Robert) |e edt | |
| 852 | |a INST |b LESVOS |e 19950706 |h 576.028 MET |p 005100007950 |q 005100007950 |t BK |v τ.22: |y 0 |z v.22 | ||
| 853 | |a INST |b LESVOS |h 576.028 MET | ||
| 922 | |a 1ΕΛΗ |b 199303 |c ΠΠ/2125 | ||